000 00273nam a2200121 a 4500
008 101022s1965|||| d
100 1 _aLarni, Martti
245 1 0 _aKrásna Minna
260 _bSmena
_aBratislava
_c1965
041 _aslo
020 _c12,50
044 _axo
_cSK
999 _c12018
_d12018